| 000 | 00441nam a2200181Ia 4500 | ||
|---|---|---|---|
| 001 | 23471 | ||
| 005 | 20260414150939.0 | ||
| 008 | 260414t2006||||xx |||||||||||||| ||spa|| | ||
| 041 | _aESP | ||
| 082 |
_a650.03 _bE56 T. 1 |
||
| 100 |
_aA.F.A. Editores Importadores _eAUT |
||
| 245 | 0 |
_aEnciclopedia de negocios : _balta dirección |
|
| 260 | _c2006 | ||
| 300 |
_a _c25 cm. |
||
| 650 | _aGEN | ||
| 654 | _aCCO | ||
| 942 |
_cLIB _dJUS _fJUS _2ddc _n |
||
| 999 |
_c23471 _d23471 |
||